| 000 | 00386nam a22001577a 4500 | ||
|---|---|---|---|
| 020 | _a978-0-340-64088-3 | ||
| 082 |
_a823 _bDAN/C |
||
| 100 | _aDANIELS , LUCY | ||
| 245 |
_aANIMALARK _bCALF IN THE COTTAGE |
||
| 246 |
_aANIMAL ARK _bCALF IN THE COTTAGE |
||
| 260 |
_aNEW DELHI _bHODDER HEADLINE LIMITED |
||
| 300 | _a517 | ||
| 520 | _aSHORT STORY | ||
| 650 | _aSHORT STORY | ||
| 942 | _cBK | ||
| 999 |
_c1775 _d1775 |
||